Bevölkerungsdynamik und Grundbedürfnisse in Entwicklungsländern
Lit.
| Contributors: | ; |
|---|---|
| Format: | Print Book |
| Language: | German |
| Published: |
Berlin
Duncker und Humblot
1995
|
| In: |
Schriften des Vereins für Socialpolitik (N.F., 241)
Year: 1995 |
| Online Access: |
Contents Table of Contents Table of Contents Table of Contents Publisher information |
| Check availability: | HBZ Gateway |
| Subito Delivery Service: | Order now. |
| Keywords: |
MARC
| LEADER | 00000cam a2200000 c 4500 | ||
|---|---|---|---|
| 001 | 272090999 | ||
| 003 | DE-627 | ||
| 005 | 20260206204529.0 | ||
| 007 | tu | ||
| 008 | 990101s1995 gw ||||| 00| ||ger c | ||
| 015 | |a 95,N32,0156 |2 dnb | ||
| 015 | |a 95,A43,0359 |2 dnb | ||
| 016 | 7 | |a 944884016 |2 DE-101 | |
| 020 | |a 3428084128 |9 3-428-08412-8 | ||
| 035 | |a (DE-627)272090999 | ||
| 035 | |a (DE-603)035717262 | ||
| 035 | |a (DE-576)047667699 | ||
| 035 | |a (DE-599)GBV272090999 | ||
| 035 | |a (OCoLC)231646249 | ||
| 035 | |a (OCoLC)33997824 | ||
| 040 | |a DE-627 |b ger |c DE-627 |e rakwb | ||
| 041 | |a ger | ||
| 044 | |c XA-DE |c XP | ||
| 050 | 0 | |a HB884 | |
| 082 | 0 | |a 330 | |
| 084 | |a 14 |2 sdnb | ||
| 084 | |a 14 |a 16 |a 17 |2 sdnb | ||
| 084 | |a 6,24 |2 ssgn | ||
| 084 | |a QU 300 |2 rvk |0 (DE-625)rvk/142131: | ||
| 084 | |a MS 4150 |2 rvk |0 (DE-625)rvk/123693: | ||
| 084 | |a MS 4200 |2 rvk |0 (DE-625)rvk/123694: | ||
| 084 | |a 83.46 |2 bkl | ||
| 090 | |a a | ||
| 245 | 0 | 0 | |a Bevölkerungsdynamik und Grundbedürfnisse in Entwicklungsländern |c von Jörn Altmann ... Hrsg. von Hans-Bernd Schäfer |
| 264 | 1 | |a Berlin |b Duncker und Humblot |c 1995 | |
| 300 | |a 388 S. |b graph. Darst. | ||
| 336 | |a Text |b txt |2 rdacontent | ||
| 337 | |a ohne Hilfsmittel zu benutzen |b n |2 rdamedia | ||
| 338 | |a Band |b nc |2 rdacarrier | ||
| 490 | 1 | |a Schriften des Vereins für Socialpolitik, Gesellschaft für Wirtschafts- und Sozialwissenschaften |v N.F., 241 | |
| 500 | |a Includes bibliographical references | ||
| 505 | 8 | |a Literaturangaben | |
| 520 | |a Lit. | ||
| 583 | 1 | |a Archivierung/Langzeitarchivierung gewährleistet |f SSG |x XA-DE-BW |2 pdager |5 DE-21 | |
| 648 | 7 | |8 1.7\x |a 02.06.1994 |2 stw | |
| 650 | 7 | |8 1.1\x |a Bevölkerungsentwicklung |0 (DE-627)091351480 |0 (DE-2867)15708-2 |2 stw | |
| 650 | 7 | |8 1.2\x |a Fertilität |0 (DE-627)091361478 |0 (DE-2867)15941-3 |2 stw | |
| 650 | 7 | |8 1.3\x |a Armutsbekämpfung |0 (DE-627)091348064 |0 (DE-2867)16533-6 |2 stw | |
| 650 | 7 | |8 1.4\x |a Sozialpolitik |0 (DE-627)091390451 |0 (DE-2867)16545-6 |2 stw | |
| 650 | 7 | |8 1.5\x |a Bildungswesen |0 (DE-627)091352096 |0 (DE-2867)11367-1 |2 stw | |
| 650 | 7 | |8 1.6\x |a Entwicklungsländer |0 (DE-627)09135742X |0 (DE-2867)10492-3 |2 stw | |
| 650 | 0 | 7 | |0 (DE-588)4006292-2 |0 (DE-627)10637804X |0 (DE-576)208864989 |a Bevölkerungsentwicklung |2 gnd |
| 650 | 0 | 7 | |0 (DE-588)4055879-4 |0 (DE-627)10615656X |0 (DE-576)209115742 |a Sozialpolitik |2 gnd |
| 650 | 4 | |a Entwicklungsland, Korreferat, Diskussion, Familienplanung, Lachmann, Einkommenselastizität, Armutspolitik, Arndt, Berlin, Ernährung, Graff, soziale Sicherung, Bevölkerungswachstum, Bildungspolitik, Gans | |
| 651 | 7 | |0 (DE-588)4014954-7 |0 (DE-627)104493925 |0 (DE-576)208909974 |a Entwicklungsländer |2 gnd | |
| 653 | 0 | |a Developing countries |a Population |a Congresses | |
| 653 | 0 | |a Poor |a Developing countries |a Congresses | |
| 655 | 7 | |a Konferenzschrift |y 1994 |z Bochum |0 (DE-588)1071861417 |0 (DE-627)826484824 |0 (DE-576)433375485 |2 gnd-content | |
| 689 | 0 | 0 | |d g |0 (DE-588)4014954-7 |0 (DE-627)104493925 |0 (DE-576)208909974 |a Entwicklungsländer |2 gnd |
| 689 | 0 | 1 | |d s |0 (DE-588)4006292-2 |0 (DE-627)10637804X |0 (DE-576)208864989 |a Bevölkerungsentwicklung |2 gnd |
| 689 | 0 | 2 | |d s |0 (DE-588)4055879-4 |0 (DE-627)10615656X |0 (DE-576)209115742 |a Sozialpolitik |2 gnd |
| 689 | 0 | |5 DE-101 | |
| 700 | 1 | |8 1\p |a Altmann, Jörn |d 1945- |0 (DE-588)121593967 |0 (DE-627)081409915 |0 (DE-576)292789467 |4 oth | |
| 700 | 1 | |a Schäfer, Hans-Bernd |d 1943- |e Hrsg. |0 (DE-588)123843189 |0 (DE-627)085475513 |0 (DE-576)162877927 |4 edt | |
| 810 | 2 | |a Verein für Socialpolitik |t Schriften des Vereins für Socialpolitik |v N.F., 241 |9 NF,241 |w (DE-627)129346039 |w (DE-576)018616410 |w (DE-600)154854-2 |x 0505-2777 |7 am | |
| 856 | 4 | 2 | |u https://swbplus.bsz-bw.de/bsz047667699vlg.htm |m V:DE-576 |v 2006-08-08 |3 Inhaltstext |7 1 |
| 856 | 4 | 2 | |u https://swbplus.bsz-bw.de/bsz047667699inh.htm |m V:DE-576 |q application/pdf |v 2006-12-08 |3 Inhaltsverzeichnis |7 1 |
| 856 | 4 | 2 | |u http://www.gbv.de/dms/hbz/toc/ht006725318.PDF |m V:DE-605 |v 2008-11-15 |x Verlag |y Inhaltsverzeichnis |3 Inhaltsverzeichnis |7 1 |
| 856 | 4 | 2 | |u http://scans.hebis.de/HEBCGI/show.pl?03571726_vlg.html |m V:DE-576 |q text/html |3 Verlagsinformation |7 1 |
| 856 | 4 | 2 | |u http://scans.hebis.de/HEBCGI/show.pl?03571726_toc.pdf |m V:DE-603;B:DE-17 |q application/pdf |3 Inhaltsverzeichnis |7 1 |
| 883 | |8 1\p |a cgwrk |d 20241001 |q DE-101 |u https://d-nb.info/provenance/plan#cgwrk | ||
| 889 | |w (DE-627)186870906 | ||
| 935 | |i mdedup | ||
| 935 | |i Blocktest | ||
| 935 | |i sf | ||
| 936 | r | v | |a QU 300 |b Größe und Zusammensetzung der Bevölkerung. Bevölkerungszählungen |k Wirtschaftswissenschaften |k Demographie |k Größe und Zusammensetzung der Bevölkerung. Bevölkerungszählungen |0 (DE-627)1271531356 |0 (DE-625)rvk/142131: |0 (DE-576)201531356 |
| 936 | r | v | |a MS 4150 |b Geburtenregelung, Familienplanung |k Soziologie |k Spezielle Soziologien |k Soziologie der Demographie |k Geburtenregelung, Familienplanung |0 (DE-627)127144108X |0 (DE-625)rvk/123693: |0 (DE-576)20144108X |
| 936 | r | v | |a MS 4200 |b Bevölkerungsentwicklung |k Soziologie |k Spezielle Soziologien |k Soziologie der Demographie |k Bevölkerungsentwicklung |0 (DE-627)1271082799 |0 (DE-625)rvk/123694: |0 (DE-576)201082799 |
| 936 | b | k | |a 83.46 |j Entwicklungsökonomie |0 (DE-627)106414925 |
| 936 | s | n | |a m200 |2 mzub |
| 936 | s | n | |a q100 |2 mzub |
| 936 | s | n | |a m100 |2 mzub |
| 951 | |a BO | ||
| ELC | |b 1 | ||
| LOK | |0 000 xxxxxcx a22 zn 4500 | ||
| LOK | |0 001 3076627856 | ||
| LOK | |0 003 DE-627 | ||
| LOK | |0 004 272090999 | ||
| LOK | |0 005 20151116135155 | ||
| LOK | |0 008 150728||||||||||||||||ger||||||| | ||
| LOK | |0 035 |a (DE-21-110)kd49381 | ||
| LOK | |0 040 |a DE-21-110 |c DE-627 |d DE-21-110 | ||
| LOK | |0 689 |a s |a Bevölkerungsforschung | ||
| LOK | |0 852 |z Kein Bestand am IfK; Nachweis für KrimDok | ||
| LOK | |0 852 |a DE-21-110 | ||
| LOK | |0 852 1 |9 00 | ||
| LOK | |0 935 |a k110 | ||
| LOK | |0 939 |a 28-07-15 |b l01 | ||
| ORI | |a SA-MARC-krimdoka001.raw | ||
| TIM | |a 100019940101_100019941231 |b 1994 - 1994 | ||
